[Event "CAN-op U2000 (Pinnacle 48th CAN Op Ch)"]
[Site "Toronto CAN"]
[Date "2011.07.12"]
[Round "4"]
[White "Yang, Yimang"]
[Black "Haziprodromu, Sam"]
[Result "0-1"]
[WhiteElo "1706"]
[BlackElo "1843"]
[PlyCount "142"]
[GameId "2160767909703707"]
[EventDate "2011.07.09"]
[EventType "swiss"]
[EventRounds "9"]
[EventCountry "CAN"]
[SourceTitle "EXT 2022"]
[Source "ChessBase"]
[SourceDate "2021.10.06"]
[SourceVersion "1"]
[SourceVersionDate "2021.10.06"]
[SourceQuality "1"]

1. b4 e5 2. Bb2 Qe7 3. a3 Nf6 4. c4 g6 5. e3 Bg7 6. Nf3 d6 7. Be2 O-O 8. O-O Nbd7 9. Nc3 a5 10. Qb3 c6 11. d4 e4 12. Nd2 Re8 13. d5 Nb6 14. dxc6 bxc6 15. bxa5 Nbd7 16. Qa4 Nc5 17. Qb4 Bd7 18. Na4 Nxa4 19. Qxa4 c5 20. Qc2 Rxa5 21. Nb1 Raa8 22. Nc3 Reb8 23. Rfd1 Bc6 24. Rd2 h5 25. Rad1 Ne8 26. h3 Be5 27. Nb5 d5 28. Bxe5 Qxe5 29. a4 d4 30. exd4 cxd4 31. Rxd4 Qc5 32. Qb3 Qg5 33. g3 Ng7 34. h4 Qe5 35. Rd6 Be8 36. R6d5 Qe7 37. c5 Nf5 38. Qc4 Bc6 39. R5d2 e3 40. Rd3 exf2+ 41. Kxf2 Re8 42. R1d2 Qe5 43. Ra3 Reb8 44. Nd6 Nxd6 45. cxd6 Rc8 46. Qd4 Qf5+ 47. Bf3 Rxa4 48. d7 Rd8 49. Qe3 Rxa3 50. Qxa3 Rxd7 51. Rxd7 Qxd7 52. Bxc6 Qxc6 53. Qd3 Kg7 54. Qd4+ Qf6+ 55. Qxf6+ Kxf6 56. Ke2 Kf5 57. Kf3 f6 58. Kf2 Kg4 59. Kg2 f5 60. Kf2 Kh3 61. Kf3 Kh2 62. Kf2 f4 63. gxf4 Kh3 64. Kf3 Kxh4 65. f5 gxf5 66. Kf4 Kh3 67. Kf3 h4 68. Kf2 Kh2 69. Kf1 Kg3 70. Kg1 Kf3 71. Kh2 Ke2 0-1

[Event "CAN-op U2000 (Pinnacle 48th CAN Op Ch)"]
[Site "Toronto CAN"]
[Date "2011.07.12"]
[Round "4"]
[White "Yu, Jonathan"]
[Black "Johnson, Perry V"]
[Result "0-1"]
[WhiteElo "1971"]
[BlackElo "1846"]
[PlyCount "40"]
[GameId "2160767909703708"]
[EventDate "2011.07.09"]
[EventType "swiss"]
[EventRounds "9"]
[EventCountry "CAN"]
[SourceTitle "EXT 2022"]
[Source "ChessBase"]
[SourceDate "2021.10.06"]
[SourceVersion "1"]
[SourceVersionDate "2021.10.06"]
[SourceQuality "1"]

1. e4 e5 2. Nf3 Nc6 3. Bc4 Bc5 4. c3 Nf6 5. d4 exd4 6. cxd4 Bb4+ 7. Bd2 Bxd2+ 8. Nbxd2 d5 9. exd5 Nxd5 10. O-O O-O 11. Rc1 Nb6 12. Bb3 Nxd4 13. Nxd4 Qxd4 14. Rxc7 Qxb2 15. Qf3 Bd7 16. Ne4 Qe5 17. Rxb7 Kh8 18. Rc1 Rac8 19. Rxc8 Rxc8 20. Rxb6 Qxe4 0-1

[Event "CAN-op U2000 (Pinnacle 48th CAN Op Ch)"]
[Site "Toronto CAN"]
[Date "2011.07.12"]
[Round "4"]
[White "Zhang, John"]
[Black "Kurkowski, Ken"]
[Result "1/2-1/2"]
[WhiteElo "1629"]
[BlackElo "1516"]
[PlyCount "117"]
[GameId "2160767909703709"]
[EventDate "2011.07.09"]
[EventType "swiss"]
[EventRounds "9"]
[EventCountry "CAN"]
[SourceTitle "EXT 2022"]
[Source "ChessBase"]
[SourceDate "2021.10.06"]
[SourceVersion "1"]
[SourceVersionDate "2021.10.06"]
[SourceQuality "1"]

1. e4 e6 2. d4 d5 3. Nc3 Nf6 4. e5 Nfd7 5. Nf3 c5 6. Bf4 Nc6 7. dxc5 Bxc5 8. Nb5 O-O 9. c3 a6 10. Nbd4 Qb6 11. Qd2 Nxd4 12. Nxd4 f6 13. exf6 Nxf6 14. Bd3 Ng4 15. b4 Bd6 16. Bxd6 Qxd6 17. f3 e5 18. Nc2 Nf6 19. Bc4 Be6 20. Ne3 Rad8 21. Rd1 Rf7 22. O-O Rfd7 23. Bb3 b5 24. Qd3 d4 25. cxd4 Bxb3 26. Qxb3+ Kh8 27. Nf5 Qb6 28. Kh1 exd4 29. Rfe1 Qc6 30. Qd3 Qc4 31. a3 Qc3 32. Re7 Qxd3 33. Rxd3 Rxe7 34. Nxe7 Re8 35. Rxd4 Rxe7 36. Kg1 Kg8 37. Rd6 Ra7 38. Kf2 Kf7 39. Ke3 Re7+ 40. Kd3 Rd7 41. Rxd7+ Nxd7 42. Kd4 Ke6 43. f4 g6 44. h3 Kd6 45. g4 Ke6 46. Ke4 Nb6 47. Kd4 Nc4 48. a4 Nd6 49. a5 Nc4 50. Kc5 Kf6 51. Kc6 Nxa5+ 52. Kb6 Nc4+ 53. Kxa6 Na3 54. Kb6 Ke6 55. Kc6 h6 56. Kc5 Kf6 57. Kd6 h5 58. Kc5 Ke6 59. Kc6 1/2-1/2

[Event "CAN-op U2000 (Pinnacle 48th CAN Op Ch)"]
[Site "Toronto CAN"]
[Date "2011.07.13"]
[Round "5"]
[White "Ali, Shafkat"]
[Black "Palmer, Jordan"]
[Result "0-1"]
[WhiteElo "1823"]
[BlackElo "1947"]
[PlyCount "70"]
[GameId "2160767909703710"]
[EventDate "2011.07.09"]
[EventType "swiss"]
[EventRounds "9"]
[EventCountry "CAN"]
[SourceTitle "hb 2011"]

1. e4 d5 2. exd5 Nf6 3. d4 Nxd5 4. c4 Nf6 5. Nc3 g6 6. Nf3 Bg7 7. Be2 O-O 8. h3 b6 9. Bf4 Bb7 10. Nb5 Na6 11. O-O c6 12. Nc3 Qd7 13. Ne5 Qf5 14. Bh2 Rad8 15. g4 Qc8 16. g5 Ne8 17. Bg4 e6 18. Rc1 Nd6 19. Ne2 Nf5 20. Bxf5 exf5 21. Bf4 Rfe8 22. Qb3 c5 23. Qg3 cxd4 24. Rce1 Nc5 25. h4 Ne4 26. Qh2 Bxe5 27. Bxe5 Nd2 28. f4 Nxf1 29. Kxf1 Qxc4 30. Rc1 Qb5 31. h5 d3 32. hxg6 dxe2+ 33. Ke1 Rd1+ 34. Rxd1 exd1=Q+ 35. Kxd1 Qf1+ 0-1

[Event "CAN-op U2000 (Pinnacle 48th CAN Op Ch)"]
[Site "Toronto CAN"]
[Date "2011.07.13"]
[Round "5"]
[White "Dhaliwal, Jatinder"]
[Black "Renteria, Alejandro"]
[Result "1-0"]
[WhiteElo "1673"]
[BlackElo "1465"]
[PlyCount "65"]
[GameId "2160767909703711"]
[EventDate "2011.07.09"]
[EventType "swiss"]
[EventRounds "9"]
[EventCountry "CAN"]
[SourceTitle "hb 2011"]

1. e4 c5 2. Bc4 d6 3. Nc3 Nf6 4. d3 e6 5. Bg5 Be7 6. f4 h6 7. Bh4 Nc6 8. Nf3 a6 9. O-O O-O 10. Ne1 Nd4 11. g4 b5 12. Bb3 Qb6 13. Bf2 Bb7 14. h4 g6 15. g5 Nh5 16. Qg4 Kh7 17. Bxd4 cxd4 18. Ne2 Bc8 19. Ng3 Nxg3 20. Qxg3 h5 21. Ng2 Bd7 22. Rf2 Qc5 23. Raf1 a5 24. f5 Qe5 25. Nf4 exf5 26. Bd5 Rad8 27. exf5 Qe3 28. Bf3 Bc6 29. Ng2 Qe5 30. Qxe5 dxe5 31. Bxc6 Rc8 32. Bxb5 Kg7 33. f6+ 1-0

[Event "CAN-op U2000 (Pinnacle 48th CAN Op Ch)"]
[Site "Toronto CAN"]
[Date "2011.07.13"]
[Round "5"]
[White "Doknjas, John"]
[Black "Stavropoulos, Greg"]
[Result "1-0"]
[WhiteElo "1997"]
[BlackElo "1872"]
[PlyCount "49"]
[GameId "2160767909703712"]
[EventDate "2011.07.09"]
[EventType "swiss"]
[EventRounds "9"]
[EventCountry "CAN"]
[SourceTitle "hb 2011"]

1. d4 Nf6 2. c4 c5 3. d5 b5 4. cxb5 a6 5. bxa6 Bxa6 6. Nc3 g6 7. f4 Bg7 8. e4 Bxf1 9. Kxf1 d6 10. g3 O-O 11. Kg2 Nbd7 12. Nf3 Qb6 13. Re1 Ne8 14. Qe2 Nc7 15. Nd2 Qb7 16. Nc4 Nb6 17. a4 Nxc4 18. Qxc4 e6 19. dxe6 Nxe6 20. Nb5 Rfd8 21. Be3 Bxb2 22. Rab1 Bg7 23. Nxd6 Qb6 24. Nb5 Nd4 25. Bxd4 1-0

[Event "CAN-op U2000 (Pinnacle 48th CAN Op Ch)"]
[Site "Toronto CAN"]
[Date "2011.07.13"]
[Round "5"]
[White "Dowling, Bruce"]
[Black "Triefeldt, Jack"]
[Result "0-1"]
[WhiteElo "1847"]
[BlackElo "1714"]
[PlyCount "60"]
[GameId "2160767909703713"]
[EventDate "2011.07.09"]
[EventType "swiss"]
[EventRounds "9"]
[EventCountry "CAN"]
[SourceTitle "hb 2011"]

1. f4 d5 2. Nf3 Nf6 3. e3 c5 4. Bb5+ Bd7 5. Qe2 a6 6. Bxd7+ Nbxd7 7. O-O g6 8. d3 Bg7 9. e4 dxe4 10. dxe4 O-O 11. a4 b6 12. Nc3 e6 13. Kh1 Qc7 14. Be3 Ng4 15. Bd2 Ngf6 16. Nh4 Qb7 17. g4 h5 18. gxh5 Nxh5 19. Rg1 Ndf6 20. Nxg6 fxg6 21. Rxg6 Rad8 22. Rag1 Rd4 23. Re1 Kh7 24. Rg5 Bh6 25. Rxh5 Nxh5 26. Be3 Nxf4 27. Qf3 Rd7 28. Rg1 Rg7 29. Rd1 Qf7 30. Qf2 Nh5 0-1

[Event "CAN-op U2000 (Pinnacle 48th CAN Op Ch)"]
[Site "Toronto CAN"]
[Date "2011.07.13"]
[Round "5"]
[White "Fletcher, David"]
[Black "Jarve, Jaak"]
[Result "0-1"]
[WhiteElo "1449"]
[BlackElo "1740"]
[PlyCount "54"]
[GameId "2160767909703714"]
[EventDate "2011.07.09"]
[EventType "swiss"]
[EventRounds "9"]
[EventCountry "CAN"]
[SourceTitle "hb 2011"]

1. e4 c5 2. Bc4 Nc6 3. c3 e6 4. d4 cxd4 5. cxd4 Bb4+ 6. Nc3 Qa5 7. Nge2 b5 8. Bb3 Nf6 9. f3 Bxc3+ 10. bxc3 Ba6 11. a4 b4 12. cxb4 Qxb4+ 13. Bd2 Bxe2 14. Bxb4 Bxd1 15. Bxd1 Nxb4 16. O-O Rc8 17. Bb3 a5 18. Rac1 Ke7 19. g4 g5 20. Rc5 Rxc5 21. dxc5 Rc8 22. e5 Nfd5 23. Bxd5 Nxd5 24. Rc1 Nf4 25. Kf1 Nd3 26. Rc4 Rxc5 27. Re4 Rxe5 0-1

[Event "CAN-op U2000 (Pinnacle 48th CAN Op Ch)"]
[Site "Toronto CAN"]
[Date "2011.07.13"]
[Round "5"]
[White "Haziprodromu, Sam"]
[Black "Armstrong, Robert J"]
[Result "1-0"]
[WhiteElo "1843"]
[BlackElo "1740"]
[PlyCount "109"]
[GameId "2160767909703715"]
[EventDate "2011.07.09"]
[EventType "swiss"]
[EventRounds "9"]
[EventCountry "CAN"]
[SourceTitle "EXT 2022"]
[Source "ChessBase"]
[SourceDate "2021.10.06"]
[SourceVersion "1"]
[SourceVersionDate "2021.10.06"]
[SourceQuality "1"]

1. e4 g6 2. d4 Bg7 3. Nf3 d6 4. h3 Nf6 5. Nc3 O-O 6. Be2 c6 7. a4 b6 8. O-O Bb7 9. Re1 Qc7 10. Bf1 e5 11. dxe5 dxe5 12. Bg5 Nbd7 13. Nd2 Rad8 14. Qc1 a5 15. Nc4 Rfe8 16. Qe3 Nc5 17. Nxa5 Ne6 18. Nb3 Nxg5 19. Qxg5 Qd6 20. Qe3 c5 21. a5 Nd7 22. Nb5 Qc6 23. a6 Ba8 24. Bc4 Nf6 25. Nc3 Re7 26. Bb5 Qc7 27. Red1 Rxd1+ 28. Rxd1 Bc6 29. Bxc6 Qxc6 30. Nd5 Ra7 31. Qe2 c4 32. Nd2 b5 33. Nf1 Qxa6 34. Nxf6+ Bxf6 35. Ne3 Qc8 36. b3 cxb3 37. cxb3 b4 38. Nd5 Be7 39. Qd2 Qc5 40. Rc1 Qd6 41. Qh6 Ra8 42. Rc4 Rb8 43. Qc1 Kg7 44. Rc6 Qd8 45. Qb2 Bd6 46. Qc1 Qd7 47. Qc4 Rb7 48. Qa6 Be7 49. Qc4 Bd6 50. f4 Ra7 51. f5 Ra1+ 52. Kh2 gxf5 53. Ne3 f4 54. Nf5+ Kg8 55. Rxd6 1-0

[Event "CAN-op U2000 (Pinnacle 48th CAN Op Ch)"]
[Site "Toronto CAN"]
[Date "2011.07.13"]
[Round "5"]
[White "Johnson, Perry V"]
[Black "Siddeley, Hugh"]
[Result "1/2-1/2"]
[WhiteElo "1846"]
[BlackElo "1996"]
[PlyCount "66"]
[GameId "2160767909703716"]
[EventDate "2011.07.09"]
[EventType "swiss"]
[EventRounds "9"]
[EventCountry "CAN"]
[SourceTitle "EXT 2022"]
[Source "ChessBase"]
[SourceDate "2021.10.06"]
[SourceVersion "1"]
[SourceVersionDate "2021.10.06"]
[SourceQuality "1"]

1. e4 c5 2. Nc3 Nc6 3. Nge2 g6 4. g3 Bg7 5. Bg2 Rb8 6. O-O b5 7. d3 e6 8. f4 Nge7 9. e5 d6 10. exd6 Qxd6 11. Ne4 Qd8 12. c3 b4 13. Nxc5 bxc3 14. bxc3 Bxc3 15. Nxc3 Qd4+ 16. Kh1 Qxc3 17. Be3 O-O 18. Rc1 Qg7 19. Bxc6 Nxc6 20. Qa4 Nd8 21. Qxa7 Qb2 22. Qc7 Ra8 23. a4 Nb7 24. Rb1 Qe2 25. Nxb7 Bxb7+ 26. Qxb7 Qxe3 27. Qe4 Qxe4+ 28. dxe4 Rxa4 29. e5 Ra2 30. Kg1 Rd8 31. Rfd1 Rdd2 32. Rxd2 Rxd2 33. Rf1 Kf8 1/2-1/2

[Event "CAN-op U2000 (Pinnacle 48th CAN Op Ch)"]
[Site "Toronto CAN"]
[Date "2011.07.13"]
[Round "5"]
[White "Jubenville, Mark"]
[Black "Ortiz, Hugo"]
[Result "1-0"]
[WhiteElo "1790"]
[BlackElo "1619"]
[PlyCount "45"]
[GameId "2160767909703717"]
[EventDate "2011.07.09"]
[EventType "swiss"]
[EventRounds "9"]
[EventCountry "CAN"]
[SourceTitle "hb 2011"]

1. d4 Nf6 2. Bf4 d5 3. e3 Bg4 4. f3 Bd7 5. Bd3 g6 6. Nd2 Bg7 7. c3 Nh5 8. Bg5 c6 9. Ne2 Na6 10. g4 Nf6 11. h4 h5 12. gxh5 Nxh5 13. Qc2 f5 14. O-O-O Qa5 15. Kb1 Bf6 16. Rdg1 Bg7 17. Nf4 Nxf4 18. Bxf4 O-O-O 19. Rxg6 Bf6 20. Bxf5 Rxh4 21. Rxh4 Bxh4 22. Bxd7+ Kxd7 23. Qf5+ 1-0

[Event "CAN-op U2000 (Pinnacle 48th CAN Op Ch)"]
[Site "Toronto CAN"]
[Date "2011.07.13"]
[Round "5"]
[White "Kurkowski, Ken"]
[Black "Allen, Ted"]
[Result "1-0"]
[WhiteElo "1516"]
[BlackElo "1564"]
[PlyCount "75"]
[GameId "2160767909703718"]
[EventDate "2011.07.09"]
[EventType "swiss"]
[EventRounds "9"]
[EventCountry "CAN"]
[SourceTitle "hb 2011"]

1. e4 g6 2. d4 Bg7 3. Nc3 c5 4. Nf3 cxd4 5. Nxd4 Qb6 6. Nb3 Bxc3+ 7. bxc3 Nf6 8. Bd3 Nc6 9. Be3 Qc7 10. O-O Ne5 11. Qd2 b6 12. f4 Neg4 13. Bd4 O-O 14. h3 Nh6 15. f5 Nhg4 16. hxg4 Nxg4 17. Qf4 Qxf4 18. Rxf4 Nf6 19. fxg6 fxg6 20. Raf1 d6 21. Bxf6 exf6 22. Rxf6 Rd8 23. Bc4+ Kg7 24. Bd5 Rb8 25. Nd4 Bd7 26. Rxd6 Kh6 27. e5 Rbc8 28. e6 Be8 29. Rxd8 Rxd8 30. Bc6 Bxc6 31. Nxc6 Re8 32. e7 Kg7 33. Rd1 Kf7 34. Rd8 a6 35. a4 a5 36. Kf2 b5 37. Rxe8 Kxe8 38. axb5 1-0

[Event "CAN-op U2000 (Pinnacle 48th CAN Op Ch)"]
[Site "Toronto CAN"]
[Date "2011.07.13"]
[Round "5"]
[White "Marks, Richard"]
[Black "O'Bumsawin, Nicholas"]
[Result "0-1"]
[WhiteElo "1632"]
[BlackElo "1831"]
[PlyCount "100"]
[GameId "2160767909703720"]
[EventDate "2011.07.09"]
[EventType "swiss"]
[EventRounds "9"]
[EventCountry "CAN"]
[SourceTitle "hb 2011"]

1. c4 Nf6 2. Nf3 e6 3. Nc3 b6 4. g3 Bb7 5. Bg2 Bb4 6. O-O O-O 7. a3 Bxc3 8. dxc3 d6 9. b4 Nbd7 10. Qb3 c5 11. Rd1 Qe7 12. Nd2 Bxg2 13. Kxg2 Rfc8 14. Bb2 h5 15. Rac1 Ne5 16. h3 Ng6 17. e4 h4 18. Re1 hxg3 19. fxg3 Ne5 20. Re3 g6 21. Rf1 Kg7 22. b5 Rh8 23. Nf3 Nfd7 24. Bc1 Nxf3 25. Rfxf3 Ne5 26. Rf1 Rh7 27. Qd1 Rah8 28. g4 Nxc4 29. Rg3 Ne5 30. Bf4 Rd8 31. Qc1 Qb7 32. Qe3 Nc4 33. Qf3 Nxa3 34. Bg5 Rd7 35. Bf6+ Kf8 36. h4 d5 37. e5 Nxb5 38. h5 gxh5 39. gxh5 d4 40. Qxb7 Rxb7 41. Rg1 Rxh5 42. Kf3 Rf5+ 43. Ke4 Nxc3+ 44. Kd3 Ke8 45. Rg8+ Kd7 46. R1g7 Kc6 47. Rf8 Rf3+ 48. Kc2 Ne4 49. Rfxf7 Rxf7 50. Rxf7 Nxf6 0-1

[Event "CAN-op U2000 (Pinnacle 48th CAN Op Ch)"]
[Site "Toronto CAN"]
[Date "2011.07.13"]
[Round "5"]
[White "Nickoloff, Steve"]
[Black "Chuchin, Sasha"]
[Result "1/2-1/2"]
[WhiteElo "1872"]
[BlackElo "1589"]
[PlyCount "92"]
[GameId "2160767909703722"]
[EventDate "2011.07.09"]
[EventType "swiss"]
[EventRounds "9"]
[EventCountry "CAN"]
[SourceTitle "hb 2011"]

1. e4 e5 2. Nf3 Nf6 3. Nc3 Bb4 4. Bc4 O-O 5. d3 d5 6. exd5 e4 7. dxe4 Nxe4 8. Qd4 Bc5 9. Qxe4 Re8 10. Ne5 Bd6 11. Bf4 f6 12. O-O-O Nd7 13. Rhe1 Nxe5 14. Bxe5 Rxe5 15. Qf3 Rf5 16. Qe2 Bd7 17. g3 Kf8 18. f4 Bxf4+ 19. gxf4 Rxf4 20. Rg1 Qc8 21. Rde1 Qd8 22. Bb3 a5 23. a4 Be8 24. Qe3 Rb4 25. Qc5+ Qd6 26. Qxd6+ cxd6 27. Re4 b5 28. Rge1 bxa4 29. Bxa4 Bg6 30. Re7 Rc8 31. Bc6 Rcb8 32. b3 Rh4 33. R7e2 Bh5 34. Rf2 Rhb4 35. Re4 R4b6 36. Na4 Ra6 37. Rf1 Bg6 38. Re3 Rb4 39. Rfe1 Ra7 40. Re6 Rh4 41. R1e2 Bh5 42. Rd2 Bg4 43. Rxd6 Ke7 44. Nc3 Ra6 45. Ne4 Bf5 46. Re2 Rxe4 1/2-1/2

[Event "CAN-op U2000 (Pinnacle 48th CAN Op Ch)"]
[Site "Toronto CAN"]
[Date "2011.07.13"]
[Round "5"]
[White "O'Sullivan, Patrick"]
[Black "Liu, Jiaxin (Dora)"]
[Result "1-0"]
[WhiteElo "1758"]
[BlackElo "1398"]
[PlyCount "145"]
[GameId "2160767909703723"]
[EventDate "2011.07.09"]
[EventType "swiss"]
[EventRounds "9"]
[EventCountry "CAN"]
[SourceTitle "hb 2011"]

1. e4 c5 2. Nf3 Nc6 3. d4 cxd4 4. Nxd4 Nf6 5. Nc3 e5 6. Ndb5 d6 7. Bg5 a6 8. Na3 b5 9. Bxf6 gxf6 10. Nd5 Bg7 11. c3 O-O 12. Bd3 Ne7 13. Ne3 Be6 14. Nac2 Rc8 15. Nb4 Qb6 16. Nbd5 Nxd5 17. exd5 Bd7 18. Bf5 Bxf5 19. Nxf5 Rc4 20. Ne3 Re4 21. Qf3 Rf4 22. Qh3 f5 23. g3 Rf3 24. O-O Qc7 25. Nxf5 Rd3 26. Rad1 Rxd1 27. Rxd1 Kh8 28. Nxg7 Kxg7 29. Qg4+ Kh8 30. Qf5 f6 31. f4 Qc8 32. Qe6 Qd8 33. Rf1 Re8 34. Qf5 exf4 35. Qxf4 Qb6+ 36. Kh1 Rf8 37. Re1 Qc5 38. Qf3 Qc7 39. Re6 Qd8 40. Qf4 a5 41. Qxd6 Qxd6 42. Rxd6 Kg7 43. Rb6 b4 44. cxb4 axb4 45. Rxb4 Rd8 46. Rd4 f5 47. b4 Kf6 48. d6 Ke5 49. Rd1 Ke6 50. d7 Ke7 51. a4 Ke6 52. b5 Rxd7 53. Rxd7 Kxd7 54. a5 Kc7 55. a6 Kb6 56. Kg2 Ka7 57. Kf3 Kb6 58. Kf4 Ka7 59. Kxf5 h5 60. Kg5 Kb6 61. Kxh5 Ka7 62. g4 Kb6 63. g5 Ka7 64. g6 Kb6 65. g7 Ka7 66. g8=Q Kb6 67. Qb8+ Kc5 68. a7 Kb4 69. Qc7 Ka3 70. a8=Q+ Kb4 71. Qa1 Kb3 72. Qb1+ Ka3 73. Qa7# 1-0

[Event "CAN-op U2000 (Pinnacle 48th CAN Op Ch)"]
[Site "Toronto CAN"]
[Date "2011.07.13"]
[Round "5"]
[White "Orenbach, Jonathan"]
[Black "Medvedev, Gennadi"]
[Result "0-1"]
[WhiteElo "1376"]
[BlackElo "1639"]
[PlyCount "87"]
[GameId "2160767909703724"]
[EventDate "2011.07.09"]
[EventType "swiss"]
[EventRounds "9"]
[EventCountry "CAN"]
[SourceTitle "hb 2011"]

1. e4 c5 2. Nf3 d6 3. d4 cxd4 4. Nxd4 Nf6 5. Nc3 a6 6. Be2 e5 7. Nb3 Be7 8. O-O Be6 9. f4 b5 10. fxe5 dxe5 11. Qxd8+ Kxd8 12. Bg5 Nbd7 13. Rad1 Ke8 14. Bxf6 Nxf6 15. Nd5 Rc8 16. Bd3 h5 17. Nxe7 Kxe7 18. Nd2 Ng4 19. Rde1 f6 20. h3 Nh6 21. Rc1 Rc7 22. a4 Rd8 23. axb5 axb5 24. Ra1 Bc4 25. Rf3 Bxd3 26. Rxd3 Rxd3 27. cxd3 Rc2 28. Nf3 Rxb2 29. d4 Rb4 30. dxe5 Rxe4 31. exf6+ gxf6 32. Rb1 b4 33. Kf2 Nf5 34. Re1 Rxe1 35. Kxe1 Ne3 36. Kf2 Nf5 37. Nd2 Ke6 38. Kf3 Ke5 39. g4 Nd4+ 40. Kg3 hxg4 41. Kxg4 b3 42. h4 b2 43. h5 Ke6 44. Kf4 0-1

[Event "CAN-op U2000 (Pinnacle 48th CAN Op Ch)"]
[Site "Toronto CAN"]
[Date "2011.07.13"]
[Round "5"]
[White "Sametova, Zhanna"]
[Black "Posaratnanathan, Roy"]
[Result "1/2-1/2"]
[WhiteElo "1647"]
[BlackElo "1748"]
[PlyCount "71"]
[GameId "2160767909703727"]
[EventDate "2011.07.09"]
[EventType "swiss"]
[EventRounds "9"]
[EventCountry "CAN"]
[SourceTitle "hb 2011"]

1. e4 c5 2. Nf3 Nc6 3. d4 cxd4 4. Nxd4 Nf6 5. Nc3 d6 6. Bg5 e6 7. Qd2 a6 8. Bc4 Be7 9. f3 Qc7 10. Bb3 O-O 11. O-O-O Rd8 12. Kb1 Bd7 13. h4 Nxd4 14. Qxd4 Qc5 15. Qxc5 dxc5 16. e5 Nd5 17. Nxd5 Bxg5 18. hxg5 exd5 19. Bxd5 Rab8 20. Be4 g6 21. Kc1 Bc6 22. Bxc6 bxc6 23. Rxd8+ Rxd8 24. Rd1 Rd5 25. Rxd5 cxd5 26. f4 Kf8 27. g4 Ke7 28. Kd2 a5 29. c3 Ke6 30. Kc2 d4 31. Kd3 Kd5 32. c4+ Ke6 33. Ke4 Ke7 34. f5 Kd7 35. b3 Kc6 36. a3 1/2-1/2

[Event "CAN-op U2000 (Pinnacle 48th CAN Op Ch)"]
[Site "Toronto CAN"]
[Date "2011.07.13"]
[Round "5"]
[White "Sly, Douglas"]
[Black "Zhang, John"]
[Result "0-1"]
[WhiteElo "1545"]
[BlackElo "1629"]
[PlyCount "52"]
[GameId "2160767909703728"]
[EventDate "2011.07.09"]
[EventType "swiss"]
[EventRounds "9"]
[EventCountry "CAN"]
[SourceTitle "EXT 2022"]
[Source "ChessBase"]
[SourceDate "2021.10.06"]
[SourceVersion "1"]
[SourceVersionDate "2021.10.06"]
[SourceQuality "1"]

1. d4 Nf6 2. Nf3 g6 3. Bf4 Bg7 4. e3 O-O 5. Bd3 d6 6. h3 Nc6 7. c3 Re8 8. e4 Nh5 9. Be3 e5 10. O-O d5 11. exd5 Qxd5 12. c4 Qd8 13. dxe5 Nxe5 14. Nxe5 Bxe5 15. Qc2 Qh4 16. Nd2 Bxh3 17. f4 Bxf4 18. Bxf4 Nxf4 19. Nf3 Qg3 20. Rf2 Nxg2 21. Rxg2 Qxf3 22. Rf2 Qg3+ 23. Kh1 Rad8 24. Bf1 Bxf1 25. Raxf1 Qh3+ 26. Kg1 Re3 0-1

[Event "CAN-op U2000 (Pinnacle 48th CAN Op Ch)"]
[Site "Toronto CAN"]
[Date "2011.07.13"]
[Round "5"]
[White "Song, Eric"]
[Black "Solis, Jaime"]
[Result "1-0"]
[WhiteElo "1488"]
[BlackElo "1717"]
[PlyCount "155"]
[GameId "2160767909703729"]
[EventDate "2011.07.09"]
[EventType "swiss"]
[EventRounds "9"]
[EventCountry "CAN"]
[SourceTitle "hb 2011"]

1. e4 e5 2. Nf3 Nc6 3. Bb5 a6 4. Ba4 Nf6 5. O-O Be7 6. Re1 b5 7. Bb3 d6 8. h3 O-O 9. c3 Nd7 10. d4 Bf6 11. Bd5 Bb7 12. Be3 Rb8 13. Bxc6 Bxc6 14. Nbd2 Bb7 15. Qc2 Re8 16. Rad1 Qe7 17. Re2 Rbc8 18. Rde1 c5 19. d5 g6 20. Nf1 Bg7 21. Ng3 Ra8 22. Rd2 Qd8 23. Ng5 Nb6 24. b3 Bf6 25. Nf3 Bg7 26. h4 h5 27. Ng5 Bc8 28. f3 Bd7 29. Kh2 Qc7 30. Rf2 f6 31. Nh3 Rf8 32. Rd1 Be8 33. f4 Nd7 34. f5 Qd8 35. Qe2 Qe7 36. Bd2 Bf7 37. fxg6 Bxg6 38. Nxh5 Kh8 39. Ng3 Rg8 40. Nf5 Qf8 41. Rdf1 Rd8 42. Qg4 Bh7 43. Qh5 c4 44. b4 Nb6 45. Bg5 Nd7 46. g4 fxg5 47. Nxg5 Nf6 48. Nf7+ Qxf7 49. Qxf7 Nxg4+ 50. Kh3 Nxf2+ 51. Rxf2 Rdf8 52. Qh5 Rf6 53. Rf3 Rgf8 54. Rg3 Rg8 55. Ne7 Rgf8 56. Ng6+ Kg8 57. Nxf8 Rxf8 58. Qh6 Rf7 59. Qxd6 Bxe4 60. Qxe5 Bf5+ 61. Kg2 Bd7 62. h5 Kh7 63. Qe3 Bh6 64. Qe4+ Bf5 65. Qe8 Rg7 66. Rxg7+ Bxg7 67. Qf7 Bb1 68. d6 Be4+ 69. Kf2 Bc6 70. Qf5+ Kg8 71. Qc8+ Kh7 72. Qxc6 Bxc3 73. Qe4+ Kh8 74. d7 Bf6 75. Qe8+ Kh7 76. Qg6+ Kh8 77. Qxf6+ Kh7 78. d8=Q 1-0

[Event "CAN-op U2000 (Pinnacle 48th CAN Op Ch)"]
[Site "Toronto CAN"]
[Date "2011.07.13"]
[Round "5"]
[White "Strugach, Alexander"]
[Black "Muir, Tom"]
[Result "1-0"]
[WhiteElo "1963"]
[BlackElo "1571"]
[PlyCount "53"]
[GameId "2160767909703730"]
[EventDate "2011.07.09"]
[EventType "swiss"]
[EventRounds "9"]
[EventCountry "CAN"]
[SourceTitle "hb 2011"]

1. e4 c6 2. d4 d5 3. exd5 cxd5 4. Nf3 Bf5 5. Bb5+ Nc6 6. O-O e6 7. Ne5 Qb6 8. Bxc6+ bxc6 9. c3 Nf6 10. Nd2 Qc7 11. Qa4 Rc8 12. Nb3 Nd7 13. Bf4 Bd6 14. Rfe1 Nxe5 15. dxe5 Be7 16. Be3 O-O 17. Qxa7 Qd8 18. Bc5 Bxc5 19. Qxc5 Qd7 20. Nd4 Bg6 21. a4 Bd3 22. b4 Rc7 23. Nb3 Ra8 24. Qd4 Bc2 25. Nc5 Qe7 26. Ra2 Rca7 27. Rxc2 1-0

[Event "CAN-op U2000 (Pinnacle 48th CAN Op Ch)"]
[Site "Toronto CAN"]
[Date "2011.07.13"]
[Round "5"]
[White "Tonakanian, Stephan"]
[Black "Crnilovic, Grisha"]
[Result "1-0"]
[WhiteElo "1974"]
[BlackElo "1618"]
[PlyCount "81"]
[GameId "2160767909703731"]
[EventDate "2011.07.09"]
[EventType "swiss"]
[EventRounds "9"]
[EventCountry "CAN"]
[SourceTitle "hb 2011"]

1. d4 Nf6 2. g3 g6 3. Bg2 Bg7 4. c4 d6 5. Nf3 O-O 6. O-O Nbd7 7. Qc2 e5 8. dxe5 Nxe5 9. Nxe5 dxe5 10. b3 c6 11. Ba3 Re8 12. Rd1 Qb6 13. c5 Qc7 14. e4 Be6 15. Nd2 Nd7 16. Bf1 b5 17. Bb2 a5 18. a4 b4 19. Rac1 Bf8 20. Nc4 Bxc5 21. Kg2 f6 22. Be2 Kg7 23. h4 Be7 24. Ne3 c5 25. Nd5 Bxd5 26. exd5 Bd6 27. h5 Nb6 28. Qe4 Qf7 29. Bb5 Rf8 30. Bc6 Rad8 31. Rh1 Nc8 32. Rcd1 Na7 33. Bc1 f5 34. Qd3 f4 35. gxf4 exf4 36. Bb2+ Kg8 37. hxg6 Qxg6+ 38. Qxg6+ hxg6 39. Rh8+ Kf7 40. Rh7+ Kg8 41. Rg7+ 1-0

[Event "CAN-op U2000 (Pinnacle 48th CAN Op Ch)"]
[Site "Toronto CAN"]
[Date "2011.07.13"]
[Round "5"]
[White "Yang, Bryant"]
[Black "Renteria, Manuela"]
[Result "0-1"]
[WhiteElo "1618"]
[BlackElo "1922"]
[PlyCount "52"]
[GameId "2160767909703732"]
[EventDate "2011.07.09"]
[EventType "swiss"]
[EventRounds "9"]
[EventCountry "CAN"]
[SourceTitle "hb 2011"]

1. e4 c5 2. Nf3 d6 3. d4 cxd4 4. Nxd4 Nf6 5. Nc3 a6 6. f3 b5 7. Be3 Bb7 8. Qd2 e6 9. a3 Nbd7 10. g4 Nb6 11. g5 Nfd7 12. Nb3 Ne5 13. Qf2 Nec4 14. O-O-O Qc7 15. Rg1 Rc8 16. f4 Nxb2 17. Kxb2 Qxc3+ 18. Kb1 Bxe4 19. Na1 Nc4 20. Bxc4 bxc4 21. Ba7 Rc7 22. Ka2 d5 23. Rg3 Bd3 24. cxd3 Qxa3+ 25. Kb1 Rb7+ 26. Bb6 Bc5 0-1